Maintaining and evolving successful commercial web sites : Managing chanhge, content, customer relationships, and site management

Zapisane w:
Opis bibliograficzny
1. autor: Ashley Friedlein
Format: Książka
Język:Undetermined
Wydane: Amsterdam, The Netherlands MK 2003
Hasła przedmiotowe:
Etykiety: Dodaj etykietę
Nie ma etykietki, Dołącz pierwszą etykiete!
Thư viện lưu trữ: Trung tâm Học liệu Trường Đại học Cần Thơ
LEADER 00603nam a2200193Ia 4500
001 CTU_58129
008 210402s9999 xx 000 0 und d
082 |a 650.02854628 
082 |b F911 
100 |a Ashley Friedlein 
245 0 |a Maintaining and evolving successful commercial web sites : Managing chanhge, content, customer relationships, and site management 
245 0 |c Ashley Friedlein 
260 |a Amsterdam, The Netherlands 
260 |b MK 
260 |c 2003 
650 |a web sites 
650 |x management 
904 |i Minh 
980 |a Trung tâm Học liệu Trường Đại học Cần Thơ